Des mots terminant en U - Statistiques

Statistiques générales
  • Ce quiz a été pris 131 fois
  • Le résultat moyen est 86 sur 244
Statistiques - réponses
Définition
Nbre de
lettres
Initiale Mot % Correct
H2O 3 E Eau
93%
Colle 3 G Glu
92%
A payer 2 Du
90%
Monnaie 3 S Sou
90%
Souhait 3 V Voeu
90%
Sous le menton 3 C Cou
88%
Parasite 3 P Pou
88%
Amusement 3 J Jeu
87%
Aliéné 3 F Fou
85%
Député par exemple 3 E Elu
84%
Blason 3 E Ecu
80%
Foyer 3 F Feu
80%
Déclaration 4 A Aveu
79%
Divinité 4 D Dieu
79%
Belle-fille 3 B Bru
76%
Endroit 4 L Lieu
76%
Epiderme 4 P Peau
76%
Orifice 4 T Trou
76%
Jeune bovin 4 V Veau
76%
Au revoir 5 A Adieu
74%
Cours d'eau 2 Ru
73%
Baiser 5 B Bisou
67%
Monnaie 3 L Leu
67%
Animal 4 Z Zébu
67%
Oiseau nocturne 5 H Hibou
66%
Gros oiseau 4 E Emeu
65%
Cri du chat 5 M Miaou
65%
Lettre grecque 2 Mu
65%
Coeur de fruit 5 N Noyau
65%
Piquet 4 P Pieu
65%
Légume 4 C Chou
64%
Récipient 4 S Seau
64%
Articulation 5 G Genou
63%
Indispensable à la roue 4 P Pneu
63%
Lettre grecque 3 T Tau
59%
Va avec la vis 5 E Ecrou
58%
Sculpture académique 2 Nu
58%
Chat familier 5 M Minou
56%
Moineau par exemple 6 O Oiseau
56%
Embarcation 6 B Bateau
55%
Pointe 4 C Clou
55%
Petit éléphant 11 E Eléphanteau
53%
Gros chat 5 M Matou
53%
Narines animales 6 N Naseau
53%
Pâte de soja 4 T Tofu
53%
Petit ovin 6 A Agneau
52%
Lit de bébé 7 B Berceau
52%
Petit loup 9 L Louveteau
52%
Garde d'enfants 6 N Nounou
52%
Outil de jardinage 6 R Râteau
52%
Petite souris 9 S Souriceau
52%
Trompé 4 C Cocu
51%
Jouet enfantin 6 J Joujou
51%
Bijou 5 J Joyau
51%
Animal 4 G Gnou
50%
Petit lapin 8 L Lapereau
50%
Centre 6 M Milieu
50%
Chien familièrement 6 T Toutou
50%
Canalisation 5 T Tuyau
50%
Jeune soldat 4 B Bleu
49%
Etendard 7 D Drapeau
49%
Nez animal 6 M Museau
49%
Male bovin 7 T Taureau
49%
Jupe 4 T Tutu
49%
Petite chèvre 8 C Chevreau
48%
Parent 5 N Neveu
48%
Cours d'eau 8 R Ruisseau
48%
Fut 7 T Tonneau
48%
Ensemble de bêtes 8 T Troupeau
48%
Ensemble de clefs 9 T Trousseau
48%
Outil 7 M Marteau
47%
Sépulture 7 T Tombeau
47%
Inuit 8 E Esquimau
45%
Lieu d'affichage 7 P Panneau
45%
Clan 5 T Tribu
45%
Petit ver 10 V Vermisseau
45%
Encéphale 7 C Cerveau
44%
Maison seigneuriale 7 C Château
44%
Prisonnier 6 D Détenu
43%
Accroche vêtements 12 P Portemanteau
43%
Embarcation 6 R Radeau
43%
Petite échelle 8 E Escabeau
42%
Carrelage 7 C Carreau
41%
Jouet favori 6 D Doudou
41%
Escroc 5 F Filou
41%
Patisserie 6 G Gâteau
41%
Vêtement 7 M Manteau
41%
Salaire 6 R Revenu
41%
Bandit 5 V Voyou
41%
Sud-Africain 6 Z Zoulou
41%
Petit arbre 10 A Arbrisseau
40%
Légumes 7 P Poireau
40%
Etoffe 5 T Tissu
40%
Animal imaginaire 4 D Dahu
38%
Alliance 6 A Anneau
37%
Résidu de bois 6 C Copeau
37%
Oiseau 7 M Moineau
37%
Partie 7 M Morceau
37%
Petit noble 7 N Nobliau
37%
Vêtement africain 6 B Boubou
36%
Personne 8 I Individu
36%
Poisson 5 M Merlu
36%
Fruit séché 7 P Pruneau
36%
Voûte 6 A Arceau
35%
Présent 6 C Cadeau
35%
Poil 6 C Cheveu
35%
Couvert 7 C Couteau
35%
Etui 8 F Fourreau
35%
Perçu à tort 4 I Indu
35%
Compost 7 T Terreau
35%
Perdant 6 V Vaincu
35%
Serre fort 4 E Etau
34%
Poème japonais 5 H Haiku
34%
Produit de la noix 4 B Brou
33%
Tombe 6 C Caveau
33%
Poisson 9 M Maquereau
33%
Flute 6 P Pipeau
33%
Plante aquatique 6 R Roseau
33%
Crabe 8 T Tourteau
33%
Coiffe 7 C Chapeau
31%
Petite corde 7 C Cordeau
31%
Foulard 5 F Fichu
31%
Lieudit 6 H Hameau
31%
Degré 6 N Niveau
31%
Espace plat 7 P Plateau
31%
Vierge 6 P Puceau
31%
Arbre 7 B Bouleau
30%
Cuisinière 8 F Fourneau
30%
Carte 4 M Menu
30%
Voilage 6 R Rideau
30%
Jeu de chiffres 6 S Sudoku
30%
Exécuteur 8 B Bourreau
29%
Intestin 5 B Boyau
29%
Oiseau 7 C Corbeau
29%
Charge 7 F Fardeau
29%
Excentrique 7 F Farfelu
29%
Vorace 5 G Goulu
29%
Cylindre 7 R Rouleau
29%
Peinture 7 T Tableau
29%
Navire 8 V Vaisseau
29%
Cris 6 Y Youyou
29%
Intérieur de noix 7 C Cerneau
28%
Maitre à penser 6 G Gourou
28%
Condamné 5 P Pendu
28%
Branchette 6 R Rameau
28%
Reste 6 R Résidu
28%
Cornemuse 6 B Biniou
27%
Incompréhension 10 M Malentendu
27%
Axe 6 E Essieu
26%
Calamité 5 F Fléau
26%
Poisson dangereux 4 F Fugu
26%
Panonceau 8 E Ecriteau
24%
Grande tente 9 C Chapiteau
23%
Oiseau 6 C Coucou
23%
Amas de farine 7 G Grumeau
23%
Dessus de porte 7 L Linteau
23%
Brosse 7 P Pinceau
23%
Signature 5 S Sceau
23%
Interdiction 5 T Tabou
23%
Dessert 8 T Tiramisu
23%
Fermeture 6 V Verrou
23%
Coquillage 9 B Bigorneau
22%
Assortiment de couleurs 7 C Camaïeu
22%
Flanc de colline 6 C Coteau
22%
Pelote 8 E Echeveau
22%
Farfelu 10 H Hurluberlu
22%
Personnage grossier 7 M Malotru
22%
Ecriteau 9 P Panonceau
22%
Moyen de transport 8 T Traineau
22%
Employé d'église 6 B Bedeau
21%
Gentilhomme campagnard 8 H Hobereau
21%
Table 6 B Bureau
20%
Réglisse 6 C Cachou
20%
Outil de dentellière 6 F Fuseau
20%
Gros pieu 6 P Poteau
20%
Soupçonné 7 P Prévenu
20%
Bonbon 9 R Roudoudou
20%
Support 7 T Tréteau
20%
Religion 6 V Vaudou
20%
Formulaire 9 B Bordereau
19%
Outil 6 C Ciseau
19%
Axe 5 M Moyeu
19%
Oiseau 9 P Passereau
19%
Abri 5 P Préau
19%
Amoureux 10 T Tourtereau
19%
Orignal 7 C Caribou
17%
Animal 7 C Chameau
17%
Favori 8 C Chouchou
17%
Etranger 7 I Inconnu
17%
Arbuste 6 S Sureau
17%
Qualité 5 V Vertu
17%
Arbre 6 A Acajou
16%
Morceau de viande 6 A Aloyau
16%
Marais 5 B Bayou
16%
Jeune homme 9 D Damoiseau
16%
Mise 5 E Enjeu
16%
Reste de commerce 7 I Invendu
16%
Voiture 6 L Landau
16%
Plante 6 B Bambou
15%
Pour souder 9 C Chalumeau
15%
Gaz 6 G Grisou
15%
Tissu doux 5 P Pilou
15%
Tablier 6 S Sarrau
15%
Ruisseau de ville 8 C Caniveau
14%
Besson 6 J Jumeau
14%
Bouillie 5 G Gruau
13%
Oiseau 6 N Nandou
13%
Enrichi 7 P Parvenu
13%
Berger 10 P Pastoureau
13%
Pourri 5 R Ripou
13%
Pièce de bois 7 T Tasseau
13%
Animal 8 B Blaireau
12%
Evénement 7 I Imprévu
12%
Bavardage 5 B Bagou
10%
Morceau d'étoffe 7 B Bandeau
10%
Vin 5 F Fitou
10%
Douanier 7 G Gabelou
10%
Oiseau 7 V Vanneau
10%
Jeune galant 10 G Godelureau
9%
Fin morceau 7 L Lambeau
9%
Fagot 8 B Boisseau
8%
Eclairage rudimentaire 8 F Flambeau
8%
Bâton 7 B Barreau
7%
A l'intérieur 7 C Contenu
7%
Oiseau 8 P Perdreau
7%
Char 9 T Tombereau
7%
Bidule 8 B Bitoniau
6%
Assemblage 8 F Faisceau
6%
Montant de croisée 6 M Meneau
6%
Juron 7 P Parbleu
6%
Ouvrier itinérant 9 C Chemineau
5%
Entre merlons 7 C Créneau
5%
Frôlement 8 F Froufrou
5%
Petit poème 9 I Impromptu
5%
Souteneur 6 M Marlou
5%
Soldat 8 P Pioupiou
5%
Juron 9 S Sacredieu
5%
Pâté 10 F Fricandeau
3%
Bougon 12 S Scrogneugneu
3%
Allumeur 6 A Amadou
2%
Niche 5 E Enfeu
2%
Droit féodal 7 T Tonlieu
2%
Pierre 7 T Tuffeau
2%
Barrage 9 B Batardeau
1%
Aucun quiz correspondant
Distribution des résultats
% des personnes avec chaque résultat
Percentile par nombre de réponses
Votre historique - résultats
Vous n’avez pas pris ce quiz